Every multi-word country - Statistics

General Stats
  • This quiz has been taken 57 times
    24 since last reset
  • The average score is 29 of 37
Answer Stats
Answer % Correct
United Kingdom
100%
United States
100%
Democratic Republicof the Congo
94%
New Zealand
94%
Republic of the Congo
94%
United Arab Emirats
94%
Bosnia AndHerzegovina
88%
Dominican Republic
88%
Guinea Bissau
88%
Saint KittsAnd Nevis
88%
South Africa
88%
South Korea
88%
Czech Republic
82%
Ivory Coast
82%
North Korea
82%
North Macedonia
82%
Saint Lucia
82%
Sao Tome And Principe
82%
South Sudan
82%
Central African Republic
76%
Papua New Guinea
76%
Saint Vincent and the Grenadines
76%
San Marino
76%
Saudi Arabia
76%
Solomon Islands
76%
Antigua And Barbuda
71%
Cape Verde
71%
Costa Rica
71%
East Timor
71%
El Salvador
71%
Marshall Islands
71%
Trinidad And Tobago
71%
Federated States of Micronesia
65%
Equatorial Guinea
65%
Sri Lanka
65%
Sierra Leone
53%
Burkina Faso
47%
No matching quizzes found
Score Distribution
Percent of People with Each Score
Percentile by Number Answered
Your Score History
You have not taken this quiz since the last reset